Implementácia Rámcového dohovoru na ochranu národostných menšín v Slovenskej republike /1999-2003/

Základné právne záväzné princípy pre členské štáty Rady Európy, ktoré ratifikovali Rámcový dohovor na ochranu národnostných menšín. Prehľad národnostných menšín v SR, ich jazykov a vzdelávacieho procesu podľa druhov škôl. Financovanie kultúry národnostných menšín. Zastúpenie príslušníkov národnostný...

Full description

Saved in:
Bibliographic Details
Main Author: Kupkovič, Miroslav
Format: Book Chapter
Language:Slovak
Subjects:
Tags: Add Tag
No Tags, Be the first to tag this record!

MARC

LEADER 00000naa$a2200000$$$4500
001 0034751
005 20240502071445.6
041 0 |a slo 
044 |a SK 
245 1 0 |a Implementácia Rámcového dohovoru na ochranu národostných menšín v Slovenskej republike /1999-2003/  |c Miroslav Kupkovič 
520 |a Základné právne záväzné princípy pre členské štáty Rady Európy, ktoré ratifikovali Rámcový dohovor na ochranu národnostných menšín. Prehľad národnostných menšín v SR, ich jazykov a vzdelávacieho procesu podľa druhov škôl. Financovanie kultúry národnostných menšín. Zastúpenie príslušníkov národnostných menšín v politike. Príspevok mapoval roky 1999-2003. 
610 2 0 |a menšiny národnostné 
610 2 0 |a legislatíva 
610 2 0 |a školstvo 
610 2 0 |a kultúra 
610 2 0 |a politika 
610 2 0 |a politika národnostná 
610 2 0 |a Slovensko 
100 1 |a Kupkovič, Miroslav